| 000 -LEADER | |
|---|---|
| fixed length control field | 00626nam a22002177a 4500 |
| 005 - DATE AND TIME OF LATEST TRANSACTION | |
| control field | 20250420134819.0 |
| 008 - FIXED-LENGTH DATA ELEMENTS--GENERAL INFORMATION | |
| fixed length control field | 200816b ||||| |||| 00| 0 eng d |
| 020 ## - INTERNATIONAL STANDARD BOOK NUMBER | |
| International Standard Book Number | 9781259921315 |
| 040 ## - CATALOGING SOURCE | |
| Transcribing agency | KCST |
| 082 ## - DEWEY DECIMAL CLASSIFICATION NUMBER | |
| Classification number | 160 |
| Item number | Mo Cr |
| 100 ## - MAIN ENTRY--PERSONAL NAME | |
| Personal name | Moore, Brooke Noel |
| 9 (RLIN) | 5148 |
| 245 ## - TITLE STATEMENT | |
| Title | Critical thinking / |
| Statement of responsibility, etc. | Brooke Noel Moore; Richard Parker |
| 250 ## - EDITION STATEMENT | |
| Edition statement | 12th edition |
| Remainder of edition statement | Global edition |
| 260 ## - PUBLICATION, DISTRIBUTION, ETC. | |
| Place of publication, distribution, etc. | New York, NY : |
| Name of publisher, distributor, etc. | McGraw-Hill Education, |
| Date of publication, distribution, etc. | 2017. |
| 300 ## - PHYSICAL DESCRIPTION | |
| Extent | xxii, 492 p. : |
| Other physical details | col. ill. |
| 650 ## - SUBJECT ADDED ENTRY--TOPICAL TERM | |
| Topical term or geographic name entry element | Critical thinking. |
| 9 (RLIN) | 606 |
| 655 ## - INDEX TERM--GENRE/FORM | |
| Genre/form data or focus term | Textbooks |
| 9 (RLIN) | 4759 |
| 700 ## - ADDED ENTRY--PERSONAL NAME | |
| Personal name | Parker, Richard |
| 9 (RLIN) | 5149 |
| 942 ## - ADDED ENTRY ELEMENTS (KOHA) | |
| Koha item type | Book |
| 942 ## - ADDED ENTRY ELEMENTS (KOHA) | |
| Source of classification or shelving scheme | Dewey Decimal Classification |
| Withdrawn status | Lost status | Source of classification or shelving scheme | Damaged status | Not for loan | Home library | Current library | Date acquired | Cost, normal purchase price | Total checkouts | Full call number | Barcode | Date last seen | Date last checked out | Price effective from | Koha item type |
|---|---|---|---|---|---|---|---|---|---|---|---|---|---|---|---|
| Dewey Decimal Classification | KCST Library | KCST Library | 16/08/2020 | 31.00 | 1 | 160 Mo Cr | 1000000551 | 09/02/2021 | 20/01/2021 | 16/08/2020 | Course Textbook |